000 01216cam a2200325 a 4500
001 22371
003 BD-RjUL
005 20211209000811.0
008 140308r19761967nyua 000 1 eng d
020 _a02930002074615
035 _a(BD-RjUL)22436
040 _aDLC
_cDLC
_dDLC
_dOCoLC
_dDLC
_dBD-RjUL
_beng
041 1 _aeng
_hjpn
082 0 0 _a895.635
_220
_bABW 1976
100 1 _aAbe, Kōbō,
_d1924-1993.
_969070
245 1 4 _aThe woman in the dunes /
_cby Kobo Abé ; translated from the Japanese by E. Dale Saunders ; with drawings by Machi Abé.
250 _aFirst Tuttle Edition.
260 _aNew York :
_bVintage Books,
_c1967 [Reprinted 1976]
300 _a239 p. :
_bill. ;
_c21 cm.
500 _aTranslation of: Suna no onna.
650 0 _aPsychological fiction, Japanese.
_969071
655 7 _aPsychological fiction.
_2lcsh
_969077
700 1 _aSaunders, Dale E
_969073
856 4 2 _3Publisher description
_uhttp://www.loc.gov/catdir/description/random044/90050625.html
856 4 2 _3Contributor biographical information
_uhttp://www.loc.gov/catdir/enhancements/fy1306/90050625-b.html
942 _2ddc
_cBK
999 _c22371
_d22371